Effects of separate urine collection on advanced nutrient removal processes /

Tallennettuna:
Bibliografiset tiedot
Päätekijä: Wilsenach, J. A.
Muut tekijät: Loosdrecht, M. C. M. Van.
Aineistotyyppi: Artikkeli
Kieli:English
Aiheet:
Tagit: Lisää tagi
Ei tageja, Lisää ensimmäinen tagi!
Thư viện lưu trữ: Thư viện Trường Đại học Đà Lạt
LEADER 00958nam a2200313 4500
001 DLU090094442
005 ##20091201
040 # # |a DLU  |b eng 
041 # # |a eng 
044 # # |a us 
100 # # |a Wilsenach, J. A. 
245 # # |a Effects of separate urine collection on advanced nutrient removal processes /  |c J. A. Wilsenach, M. C. M. Van Loosdrecht. 
653 # # |a Biological purification 
653 # # |a Nitrogen 
653 # # |a Numerical simulation 
653 # # |a Nutrient 
653 # # |a Urine 
653 # # |a Waste water purification 
700 # # |a Loosdrecht, M. C. M. Van. 
773 # # |t Environmental Science & Technology  |g Vol. 38, no. 4 (February 2004), p. 1208-1215 
920 # # |a Phòng Tạp chí -- Trung tâm Thông tin - Thư viện Trường Đại học Đà Lạt 
994 # # |a DLU 
900 # # |a True 
911 # # |a Trương Bảo Trâm Anh 
925 # # |a G 
926 # # |a A 
927 # # |a BB 
980 # # |a Thư viện Trường Đại học Đà Lạt